Brandon Farris Quiz - Statistics

General Stats
  • This quiz has been taken 5 times
  • The average score is 5 of 10
Answer Stats
Hint Answer % Correct
Best friend's name Angel
100%
Other best friend's name Cameron
100%
Son's name Jameson
80%
Step-daughter's name Autumn
60%
Currently living in Sacramento
60%
Wife's name Maria
40%
Old Cat's name Zelda
40%
Birthyear 1991
20%
Birthdate 5th June
20%
Birthplace Arkansas
20%
No matching quizzes found
Score Distribution
Percent of People with Each Score
Percentile by Number Answered
Your Score History
You have not taken this quiz